[Event "3rd int. open ARTEMIS CUP  Leros 2011"]
[Site "?"]
[Date "2011.07.12"]
[Round "1.3"]
[White "Mastrovasilis, Athanasios"]
[Black "Kafetzis, Dimitris"]
[Result "1-0"]
[WhiteElo "2537"]
[BlackElo "1484"]
[PlyCount "34"]
[EventDate "2011.07.12"]

1. d4 d5 2. Nf3 Bf5 3. Bf4 e6 4. e3 Bd6 5. Bd3 Bg6 6. Bg3 Ne7 7. c4 c5 8. Nc3
a6 9. cxd5 exd5 10. dxc5 Bxc5 11. O-O O-O 12. Rc1 Ba7 13. Bxg6 fxg6 14. Qb3 b5
15. Rfd1 Kh8 16. Nxd5 Nxd5 17. Rxd5 Qxd5 1-0

[Event "3rd int. open ARTEMIS CUP  Leros 2011"]
[Site "?"]
[Date "2011.07.12"]
[Round "1.1"]
[White "Mastrovasilis, Dimitrios"]
[Black "Karypidis, Iason"]
[Result "1-0"]
[WhiteElo "2604"]
[BlackElo "1616"]
[PlyCount "55"]
[EventDate "2011.07.12"]

1. e4 c6 2. d4 d5 3. e5 c5 4. dxc5 Nc6 5. Bb5 e6 6. Be3 Nge7 7. c3 Bd7 8. Bxc6
Nxc6 9. f4 g5 10. fxg5 Nxe5 11. Nf3 Qc7 12. Nxe5 Qxe5 13. Qd4 Qxd4 14. cxd4 b6
15. cxb6 axb6 16. O-O Bb4 17. Bd2 Be7 18. Nc3 O-O 19. Rae1 Bb4 20. a3 Bxc3 21.
Bxc3 Rfc8 22. Re3 Kg7 23. Ref3 Be8 24. Bd2 Rc2 25. Bf4 Rac8 26. Be5+ Kg8 27. g6
hxg6 28. Bf6 1-0

[Event "3rd int. open ARTEMIS CUP  Leros 2011"]
[Site "?"]
[Date "2011.07.12"]
[Round "1.2"]
[White "Anagnostopoulos, Fotios"]
[Black "Nikolaidis, Ioannis"]
[Result "0-1"]
[WhiteElo "1563"]
[BlackElo "2545"]
[PlyCount "74"]
[EventDate "2011.07.12"]

1. d4 d6 2. Bf4 Nf6 3. Nf3 Nbd7 4. Nbd2 Nh5 5. Bg3 Nxg3 6. hxg3 g6 7. e3 Bg7 8.
Bd3 e5 9. Qe2 Qe7 10. O-O-O exd4 11. exd4 Qxe2 12. Bxe2 Nf6 13. Ng5 O-O 14. c3
Re8 15. Bd3 Bd7 16. Nde4 Bc6 17. Nxf6+ Bxf6 18. Nxh7 Be7 19. g4 Bxg2 20. Rh2
Bf3 21. Rg1 Kg7 22. Rg3 Bd5 23. f4 Rh8 24. Rgh3 f6 25. c4 Bf7 26. g5 f5 27. Re2
Rae8 28. Reh2 Rd8 29. Re2 Rd7 30. Reh2 Bg8 31. Bxf5 gxf5 32. g6 Bxc4 33. Rh5
Bd3 34. Nf8 Rxh5 35. Ne6+ Kxg6 36. Rg2+ Kf7 37. d5 Bf6 0-1

[Event "3rd int. open ARTEMIS CUP  Leros 2011"]
[Site "?"]
[Date "2011.07.13"]
[Round "2.1"]
[White "Borsuk, Angela"]
[Black "Mastrovasilis, Dimitrios"]
[Result "0-1"]
[WhiteElo "2254"]
[BlackElo "2604"]
[PlyCount "64"]
[EventDate "2011.07.12"]

1. d4 d5 2. c4 e6 3. Nf3 Nf6 4. e3 a6 5. Nbd2 c5 6. dxc5 Bxc5 7. Nb3 Bd6 8.
cxd5 exd5 9. Be2 O-O 10. O-O Nc6 11. Nbd4 Ne4 12. Nxc6 bxc6 13. Qc2 Qf6 14. Nd2
Nc5 15. e4 Re8 16. g3 Bh3 17. Rd1 dxe4 18. Nc4 Bf8 19. Be3 Nd3 20. Nd2 Nb4 21.
Qa4 Nd5 22. Bd4 Qg6 23. Rac1 c5 24. Bxc5 Nf4 25. Re1 Ng2 26. Red1 e3 27. fxe3
Nxe3 28. Bxe3 Rxe3 29. Bf3 Rd8 30. Nc4 Rxf3 31. Rxd8 Rxg3+ 32. Kf2 Rg2+ 0-1

[Event "3rd int. open ARTEMIS CUP  Leros 2011"]
[Site "?"]
[Date "2011.07.13"]
[Round "2.2"]
[White "Nikolaidis, Ioannis"]
[Black "Zygouris, Hristos"]
[Result "1-0"]
[WhiteElo "2545"]
[BlackElo "2240"]
[PlyCount "45"]
[EventDate "2011.07.12"]

1. c4 f5 2. d4 Nf6 3. Nc3 g6 4. Bf4 d6 5. e3 Bg7 6. h3 O-O 7. Nf3 Nc6 8. Bh2 e5
9. Be2 Ne4 10. Nd5 f4 11. dxe5 dxe5 12. exf4 Nxf2 13. Kxf2 e4 14. Nd2 e3+ 15.
Nxe3 Bd4 16. Nf3 g5 17. Nxd4 Nxd4 18. Nd5 Ne6 19. Bg4 c6 20. Re1 Nxf4 21. Ne7+
Kh8 22. Qxd8 Rxd8 23. Bxf4 1-0

[Event "3rd int. open ARTEMIS CUP  Leros 2011"]
[Site "?"]
[Date "2011.07.13"]
[Round "2.3"]
[White "Paulet, Iozefina"]
[Black "Mastrovasilis, Athanasios"]
[Result "0-1"]
[WhiteElo "2233"]
[BlackElo "2537"]
[PlyCount "136"]
[EventDate "2011.07.12"]

1. e4 e5 2. Nf3 Nc6 3. Bb5 Nf6 4. O-O Nxe4 5. d4 Nd6 6. Bxc6 dxc6 7. dxe5 Nf5
8. Qxd8+ Kxd8 9. Re1 Ke8 10. Nbd2 Be6 11. Ne4 h6 12. h3 Rd8 13. g4 Ne7 14. Nh2
Bd5 15. Nf6+ gxf6 16. exf6 Kd7 17. fxe7 Bxe7 18. b3 Bf6 19. Rb1 b5 20. Bb2 Bxb2
21. Rxb2 h5 22. g5 Rhg8 23. h4 f6 24. f4 Rdf8 25. c4 bxc4 26. bxc4 Bxc4 27. Rf2
Re8 28. Rd1+ Kc8 29. Nf1 Be2 30. Rc1 Bxf1 31. Kxf1 Re6 32. Kg2 Kd7 33. Kf3 Rge8
34. Rc3 f5 35. Rd2+ Rd6 36. Rdd3 Re1 37. Kf2 Rh1 38. Rh3 Rd2+ 39. Kg3 Rf1 40.
a3 Rdf2 41. Rd3+ Ke6 42. Re3+ Kd6 43. Rd3+ Ke6 44. Re3+ Kf7 45. Rh1 Rxh1 46.
Kxf2 Rxh4 47. Kg3 Rg4+ 48. Kf3 h4 49. Re1 Rg3+ 50. Kf2 Kg6 51. Re6+ Kh5 52.
Rxc6 Kg4 53. Rxc7 Rf3+ 54. Kg2 Rxa3 55. g6 Rg3+ 56. Kf2 Kxf4 57. g7 a6 58. Rc4+
Ke5 59. Rxh4 Rxg7 60. Ra4 Ra7 61. Ke3 a5 62. Kf3 Ra6 63. Ke3 Ra8 64. Kf3 Kd5
65. Rf4 a4 66. Rxf5+ Kc4 67. Ke2 a3 68. Rf1 a2 0-1

[Event "3rd int. open ARTEMIS CUP  Leros 2011"]
[Site "?"]
[Date "2011.07.13"]
[Round "2.4"]
[White "Gordon, Stephen J"]
[Black "Pavlidou, Ekaterini"]
[Result "1-0"]
[WhiteElo "2533"]
[BlackElo "2220"]
[PlyCount "35"]
[EventDate "2011.07.12"]

1. d4 Nf6 2. c4 e6 3. Nf3 b6 4. Nc3 Bb4 5. Bg5 Bb7 6. Nd2 h6 7. Bh4 c5 8. d5
Bxc3 9. bxc3 g5 10. Bg3 exd5 11. cxd5 Bxd5 12. Bd6 Rg8 13. e4 Nxe4 14. Nxe4
Bxe4 15. Bd3 Bxd3 16. Qxd3 Qf6 17. O-O-O c4 18. Qe4+ 1-0

[Event "3rd int. open ARTEMIS CUP  Leros 2011"]
[Site "?"]
[Date "2011.07.13"]
[Round "2.5"]
[White "Kerigan, Demre"]
[Black "Czebe, Attila"]
[Result "0-1"]
[WhiteElo "2197"]
[BlackElo "2526"]
[PlyCount "76"]
[EventDate "2011.07.12"]

1. e4 c5 2. Nf3 Nc6 3. d4 cxd4 4. Nxd4 Nf6 5. Nc3 e6 6. Be3 Bb4 7. f3 d5 8. Bb5
Qc7 9. O-O O-O 10. exd5 exd5 11. Nce2 Bd6 12. g3 Re8 13. Qd2 a6 14. Ba4 b5 15.
Nxc6 bxa4 16. Ncd4 Rb8 17. c3 a5 18. Bf4 Nd7 19. Bxd6 Qxd6 20. Rfe1 Ne5 21. Nf4
Bd7 22. b3 Rec8 23. Re3 axb3 24. axb3 a4 25. Qe2 f6 26. bxa4 Nc4 27. Rd3 g5 28.
Ng2 Rb2 29. Qe1 Re8 30. Qc1 Qb6 31. Kh1 Ra8 32. Rd1 Rxa4 33. Rxa4 Bxa4 34. Re1
Qb7 35. Ne3 Ne5 36. Nxd5 Nd3 37. Nxf6+ Kf7 38. Qxg5 Nf2+ 0-1

[Event "3rd int. open ARTEMIS CUP  Leros 2011"]
[Site "?"]
[Date "2011.07.13"]
[Round "2.6"]
[White "Jeremic, Veljko"]
[Black "Sahl, Sheila Barth"]
[Result "1-0"]
[WhiteElo "2519"]
[BlackElo "2190"]
[PlyCount "79"]
[EventDate "2011.07.12"]

1. d4 f5 2. g3 e6 3. Bg2 Nf6 4. c4 Be7 5. Nc3 O-O 6. Nh3 d6 7. f4 c6 8. d5 e5
9. Nf2 Kh8 10. Be3 exf4 11. gxf4 c5 12. Qd3 Na6 13. a3 Nc7 14. Bd2 Qe8 15. O-O
Bd7 16. b4 b6 17. bxc5 bxc5 18. Rab1 Rb8 19. Rxb8 Qxb8 20. Rb1 Qc8 21. e4 fxe4
22. Ncxe4 Qa6 23. Ng5 h6 24. Re1 Bd8 25. Ne6 Bxe6 26. dxe6 Re8 27. f5 d5 28.
Qg3 Re7 29. Rb1 Nce8 30. cxd5 Bc7 31. Bf4 Nd6 32. Qg6 Qxa3 33. Be5 Qa2 34. Ra1
Qc2 35. Bxf6 gxf6 36. Qxh6+ Kg8 37. Ng4 Ne8 38. Qg6+ Kf8 39. Nxf6 Ng7 40. Qh7
1-0

[Event "3rd int. open ARTEMIS CUP  Leros 2011"]
[Site "?"]
[Date "2011.07.13"]
[Round "2.8"]
[White "Bokros, Albert"]
[Black "Spiropoulos, Panagiotis I"]
[Result "1-0"]
[WhiteElo "2470"]
[BlackElo "2086"]
[PlyCount "81"]
[EventDate "2011.07.12"]

1. e4 c5 2. Nf3 Nc6 3. d4 cxd4 4. Nxd4 e5 5. Nb5 d6 6. c4 Be7 7. b3 a6 8. N5c3
f5 9. exf5 Bxf5 10. Bd3 Be6 11. O-O Nf6 12. Nd2 O-O 13. Nde4 Nd4 14. Be3 Rc8
15. Rc1 Kh8 16. Nxf6 Bxf6 17. Qh5 Bg8 18. Nd5 Qe8 19. Nxf6 Rxf6 20. Qxe8 Rxe8
21. Bxd4 exd4 22. Rfd1 h6 23. Bf1 Ref8 24. Rc2 Bh7 25. Rcd2 d3 26. f3 Re8 27.
Bxd3 Bxd3 28. Rxd3 Ree6 29. Kf2 Kg8 30. Rd5 Kf7 31. R1d2 Kf8 32. h4 Kf7 33. g3
Kf8 34. f4 Kf7 35. Kf3 g6 36. h5 gxh5 37. Rxh5 Re1 38. Rhd5 Rf1+ 39. Kg2 Re1
40. Rxd6 Rxd6 41. Rxd6 1-0

[Event "3rd int. open ARTEMIS CUP  Leros 2011"]
[Site "?"]
[Date "2011.07.13"]
[Round "2.9"]
[White "Kakadelis, Str"]
[Black "Meszaros, Tamas"]
[Result "0-1"]
[WhiteElo "2062"]
[BlackElo "2462"]
[PlyCount "101"]
[EventDate "2011.07.12"]

1. c4 e5 2. Nc3 Nf6 3. g3 Bb4 4. Bg2 O-O 5. Qc2 Re8 6. a3 Bxc3 7. Qxc3 d5 8.
cxd5 Nxd5 9. Qc2 Nc6 10. e3 Bg4 11. Ne2 Qd7 12. Nc3 Nf6 13. O-O Bh3 14. d3 Bxg2
15. Kxg2 Rad8 16. Rd1 Re6 17. b4 Rd6 18. b5 Ne7 19. d4 exd4 20. exd4 Rxd4 21.
Be3 Rd3 22. Rac1 Qf5 23. Rxd3 Rxd3 24. Rd1 Rxd1 25. Qxd1 Ned5 26. Nxd5 Qxd5+
27. Qxd5 Nxd5 28. Bxa7 b6 29. a4 Kf8 30. a5 bxa5 31. Bd4 g6 32. Kf3 f5 33. g4
Ke7 34. gxf5 gxf5 35. Ke2 Kd6 36. Kd3 Nb4+ 37. Kc4 Nc2 38. Bc5+ Ke5 39. f4+
Kxf4 40. Bd6+ Ke3 41. Bxc7 Na3+ 42. Kc5 Nxb5 43. Kxb5 f4 44. Bxa5 f3 45. Kc4
Ke2 46. Bb6 h5 47. h4 f2 48. Bxf2 Kxf2 49. Kd3 Kg3 50. Ke3 Kxh4 51. Kf2 0-1

[Event "3rd int. open ARTEMIS CUP  Leros 2011"]
[Site "?"]
[Date "2011.07.13"]
[Round "2.10"]
[White "Hunt, Adam C"]
[Black "Soultatis, Kostas"]
[Result "1-0"]
[WhiteElo "2436"]
[BlackElo "2050"]
[PlyCount "67"]
[EventDate "2011.07.12"]

1. e4 d5 2. exd5 Qxd5 3. Nc3 Qa5 4. d4 c6 5. Bc4 Bf5 6. Nf3 e6 7. Bd2 Nf6 8.
Qe2 Bb4 9. O-O-O Nbd7 10. Nh4 Bg4 11. f3 Bxc3 12. bxc3 Bh5 13. g4 Bg6 14. Bb3
O-O-O 15. Kb2 Qb6 16. Bf4 Nd5 17. Bg3 Qa5 18. Be1 Nf4 19. Qd2 Nd5 20. Qf2 Qa6
21. c4 N5b6 22. Qe2 Rhe8 23. Nxg6 hxg6 24. Bg3 Qa5 25. Rhe1 Qb4 26. Ka1 a5 27.
c5 a4 28. cxb6 axb3 29. axb3 Qxb6 30. Kb2 Nf6 31. c3 Kd7 32. c4 Ra8 33. Qe5 Qb4
34. Qc7# 1-0

[Event "3rd int. open ARTEMIS CUP  Leros 2011"]
[Site "?"]
[Date "2011.07.14"]
[Round "3.1"]
[White "Mastrovasilis, Dimitrios"]
[Black "Hunt, Adam C"]
[Result "1-0"]
[WhiteElo "2604"]
[BlackElo "2436"]
[PlyCount "75"]
[EventDate "2011.07.12"]

1. e4 c5 2. Nf3 d6 3. d4 cxd4 4. Nxd4 Nf6 5. Nc3 a6 6. Be3 e5 7. Nb3 Be6 8. f4
exf4 9. Bxf4 Nc6 10. Qe2 Be7 11. h3 Nd7 12. O-O-O Nde5 13. Nd5 O-O 14. Kb1 Re8
15. g4 Bf8 16. Qg2 Rc8 17. g5 Bxd5 18. exd5 Na5 19. h4 g6 20. h5 Bg7 21. hxg6
hxg6 22. Rh3 Nac4 23. Bc1 a5 24. Nd4 Qb6 25. Rb3 Qc7 26. a4 Qd7 27. Nb5 Rc5 28.
Qh3 Qe7 29. Nc3 Rc7 30. Re1 Qd8 31. Re4 Nb6 32. Rh4 Rxc3 33. Rxc3 Nxd5 34. Rb3
Nc6 35. Rh7 Re1 36. Rxg7+ Kxg7 37. Qh6+ Kg8 38. Rh3 1-0

[Event "3rd int. open ARTEMIS CUP  Leros 2011"]
[Site "?"]
[Date "2011.07.14"]
[Round "3.3"]
[White "Mastrovasilis, Athanasios"]
[Black "Zawadzka, Jolanta"]
[Result "1-0"]
[WhiteElo "2537"]
[BlackElo "2405"]
[PlyCount "61"]
[EventDate "2011.07.12"]

1. d4 d5 2. Nf3 Nf6 3. c4 e6 4. Nc3 Bb4 5. Bg5 h6 6. Bxf6 Qxf6 7. cxd5 exd5 8.
Qb3 c5 9. a3 Bxc3+ 10. Qxc3 Nd7 11. e3 O-O 12. Bb5 b6 13. Rc1 c4 14. b3 Nb8 15.
bxc4 a6 16. Ba4 dxc4 17. Qxc4 Bb7 18. Qc7 Rc8 19. Qxc8+ Bxc8 20. Rxc8+ Kh7 21.
Ne5 Qe7 22. O-O a5 23. Be8 Qb7 24. Rfc1 Ra7 25. Rd8 b5 26. Rcc8 Qe4 27. h3 Qb1+
28. Kh2 Qa2 29. Rxb8 Qxf2 30. Bxf7 Rxf7 31. Rh8# 1-0

[Event "3rd int. open ARTEMIS CUP  Leros 2011"]
[Site "?"]
[Date "2011.07.14"]
[Round "3.5"]
[White "Czebe, Attila"]
[Black "Csonka, Attila Istvan"]
[Result "1/2-1/2"]
[WhiteElo "2526"]
[BlackElo "2373"]
[PlyCount "69"]
[EventDate "2011.07.12"]

1. c4 e5 2. g3 Nf6 3. Bg2 d5 4. cxd5 Nxd5 5. Nc3 Nb6 6. Nf3 Nc6 7. O-O Be7 8.
Rb1 O-O 9. b4 Re8 10. b5 Nd4 11. Nxe5 Bf6 12. f4 Bxe5 13. fxe5 Rxe5 14. d3 Bg4
15. Rf2 Qe8 16. Rb2 Nxb5 17. Nxb5 Rxb5 18. Bxb7 Rd8 19. Rc2 c5 20. Bg2 c4 21.
Qf1 cxd3 22. exd3 Re5 23. Bd2 Be2 24. Qc1 Bxd3 25. Rc7 Re7 26. h3 Rc8 27. Rxc8
Qxc8 28. Qxc8+ Nxc8 29. Rf4 h6 30. Rd4 Bf5 31. a4 Rd7 32. Rxd7 Bxd7 33. a5 Kf8
34. Kf2 Ne7 35. Bb4 1/2-1/2

[Event "3rd int. open ARTEMIS CUP  Leros 2011"]
[Site "?"]
[Date "2011.07.14"]
[Round "3.7"]
[White "Horvath, Adam"]
[Black "Pavlidis, Anastasios"]
[Result "0-1"]
[WhiteElo "2478"]
[BlackElo "2323"]
[PlyCount "80"]
[EventDate "2011.07.12"]

1. e4 c5 2. Nf3 d6 3. d4 cxd4 4. Nxd4 Nf6 5. Nc3 a6 6. Be3 e6 7. Be2 Be7 8. O-O
Qc7 9. f4 Nc6 10. Kh1 O-O 11. Qe1 Nxd4 12. Bxd4 b5 13. a3 Bb7 14. Qg3 Ne8 15.
Bd3 f5 16. exf5 exf5 17. Rfe1 Bf6 18. Bxf6 Rxf6 19. Re2 g6 20. Rae1 Ng7 21. Re7
Qb6 22. Be2 Raf8 23. Bf3 Bxf3 24. Qxf3 Qc5 25. Qb7 Nh5 26. Qxa6 Nxf4 27. Qxb5
Qxb5 28. Nxb5 Rb8 29. a4 Nd5 30. Ra7 f4 31. c4 Ne3 32. b3 g5 33. a5 g4 34. Kg1
Re8 35. Kf2 f3 36. g3 Rh6 37. Rh1 Nf5 38. Nc3 Re3 39. Nd5 Re2+ 40. Kf1 Nxg3+
0-1

[Event "3rd int. open ARTEMIS CUP  Leros 2011"]
[Site "?"]
[Date "2011.07.14"]
[Round "3.8"]
[White "Calzetta Ruiz, Monica"]
[Black "Bokros, Albert"]
[Result "1-0"]
[WhiteElo "2293"]
[BlackElo "2470"]
[PlyCount "77"]
[EventDate "2011.07.12"]

1. e4 c5 2. Nf3 e6 3. d4 cxd4 4. Nxd4 d6 5. Nc3 a6 6. f4 b5 7. Bd3 Bb7 8. a3
Nf6 9. Qe2 Be7 10. O-O Nbd7 11. Kh1 Nc5 12. b4 Nxd3 13. cxd3 Rc8 14. Bb2 O-O
15. Rf3 Qb6 16. Rg3 Rfd8 17. Rf1 Bf8 18. Nd1 Ne8 19. Ne3 Rd7 20. h4 a5 21. h5
axb4 22. axb4 h6 23. f5 e5 24. f6 Nxf6 25. Rxf6 Qd8 26. Rf1 exd4 27. Nf5 Kh8
28. Bxd4 f6 29. Qg4 Rdc7 30. Nxh6 Qd7 31. Nf5 Rc1 32. Rxc1 Rxc1+ 33. Kh2 Qf7
34. h6 gxh6 35. Bxf6+ Kh7 36. Nxd6 Bc8 37. Nxf7 Bxg4 38. Rxg4 h5 39. Rg5 1-0

[Event "3rd int. open ARTEMIS CUP  Leros 2011"]
[Site "?"]
[Date "2011.07.14"]
[Round "3.9"]
[White "Fredericia, Louise"]
[Black "Meszaros, Tamas"]
[Result "0-1"]
[WhiteElo "2081"]
[BlackElo "2462"]
[PlyCount "46"]
[EventDate "2011.07.12"]

1. c4 e5 2. g3 Nf6 3. Bg2 d5 4. cxd5 Nxd5 5. Nc3 Nb6 6. Nf3 Nc6 7. a3 Be7 8. b4
Be6 9. O-O a5 10. b5 Nd4 11. Rb1 f6 12. d3 a4 13. Nd2 Nd5 14. Nxd5 Bxd5 15.
Bxd5 Qxd5 16. b6 cxb6 17. Nc4 Ra6 18. Rxb6 Rxb6 19. Nxb6 Qc6 20. Nxa4 b5 21.
Nb2 Bxa3 22. f4 O-O 23. e3 Qxc1 0-1

[Event "3rd int. open ARTEMIS CUP  Leros 2011"]
[Site "?"]
[Date "2011.07.14"]
[Round "3.10"]
[White "Matthiesen, Arne"]
[Black "Kakadelis, Str"]
[Result "1/2-1/2"]
[WhiteElo "2313"]
[BlackElo "2062"]
[PlyCount "79"]
[EventDate "2011.07.12"]

1. d4 e6 2. c4 c5 3. Nf3 Nf6 4. Nc3 cxd4 5. Nxd4 a6 6. e4 Qc7 7. Qe2 d6 8. g4
Nc6 9. Nxc6 bxc6 10. g5 Nd7 11. h4 e5 12. f4 exf4 13. Bxf4 Ne5 14. Bh3 Be7 15.
O-O-O a5 16. Bxc8 Rxc8 17. c5 dxc5 18. Qh2 f6 19. Qh3 Rb8 20. Bxe5 Qxe5 21.
Qd7+ Kf7 22. Qxc6 Rhc8 23. Qd5+ Qxd5 24. Nxd5 fxg5 25. Nxe7 Kxe7 26. hxg5 Rh8
27. Rd5 Rbc8 28. Rhd1 Rc7 29. Re5+ Kf7 30. Rf5+ Ke7 31. Rdd5 Rhc8 32. Rde5+ Kd6
33. Rd5+ Ke6 34. Kc2 a4 35. Kc3 Ke7 36. a3 Ke6 37. Rde5+ Kd6 38. Rd5+ Ke6 39.
Rde5+ Kd6 40. Rd5+ 1/2-1/2

[Event "3rd int. open ARTEMIS CUP  Leros 2011"]
[Site "?"]
[Date "2011.07.14"]
[Round "4.1"]
[White "Estremera Panos, Sergio"]
[Black "Mastrovasilis, Dimitrios"]
[Result "1/2-1/2"]
[WhiteElo "2364"]
[BlackElo "2604"]
[PlyCount "38"]
[EventDate "2011.07.12"]

1. d4 d5 2. c4 e6 3. Nc3 a6 4. cxd5 exd5 5. Nf3 c6 6. Qc2 Bd6 7. Bg5 Ne7 8.
O-O-O h6 9. Bh4 Be6 10. e4 Qa5 11. Nd2 dxe4 12. Ndxe4 Bb4 13. a3 Bxc3 14. Nd6+
Kf8 15. Qxc3 Qxc3+ 16. bxc3 Nf5 17. Nxf5 Bxf5 18. d5 Nd7 19. dxc6 bxc6 1/2-1/2

[Event "3rd int. open ARTEMIS CUP  Leros 2011"]
[Site "?"]
[Date "2011.07.14"]
[Round "4.2"]
[White "Nikolaidis, Ioannis"]
[Black "Calzetta Ruiz, Monica"]
[Result "1/2-1/2"]
[WhiteElo "2545"]
[BlackElo "2293"]
[PlyCount "55"]
[EventDate "2011.07.12"]

1. d4 Nf6 2. c4 c5 3. d5 b5 4. cxb5 a6 5. bxa6 Bxa6 6. Nc3 g6 7. e4 Bxf1 8.
Kxf1 d6 9. Nge2 Bg7 10. Kg1 Qb6 11. Rb1 Nbd7 12. h3 O-O 13. Kh2 Rfb8 14. Be3
Qa6 15. b3 Rb4 16. f3 Rab8 17. Qc2 Ne8 18. Rhd1 Kf8 19. Kg1 Nc7 20. Qd2 Kg8 21.
Bh6 Bh8 22. Be3 Bg7 23. Kh2 Nb5 24. Nxb5 R8xb5 25. Rdc1 Ra5 26. Rc2 Ra3 27.
Rbc1 Ne5 28. Bh6 1/2-1/2

[Event "3rd int. open ARTEMIS CUP  Leros 2011"]
[Site "?"]
[Date "2011.07.14"]
[Round "4.5"]
[White "Meszaros, Tamas"]
[Black "Czebe, Attila"]
[Result "1/2-1/2"]
[WhiteElo "2462"]
[BlackElo "2526"]
[PlyCount "32"]
[EventDate "2011.07.12"]

1. e4 c5 2. Nf3 Nc6 3. d4 cxd4 4. Nxd4 Nf6 5. Nc3 e5 6. Ndb5 d6 7. Nd5 Nxd5 8.
exd5 Nb8 9. c4 Be7 10. Be2 O-O 11. O-O a6 12. Nc3 f5 13. f4 Nd7 14. Kh1 Bf6 15.
Qc2 g6 16. Qb1 Bg7 1/2-1/2

[Event "3rd int. open ARTEMIS CUP  Leros 2011"]
[Site "?"]
[Date "2011.07.14"]
[Round "4.6"]
[White "Csonka, Attila Istvan"]
[Black "Devereaux, Maxim L"]
[Result "1/2-1/2"]
[WhiteElo "2373"]
[BlackElo "2376"]
[PlyCount "99"]
[EventDate "2011.07.12"]

1. e4 c5 2. Nf3 Nc6 3. d4 cxd4 4. Nxd4 Nf6 5. Nc3 e5 6. Ndb5 d6 7. Bg5 a6 8.
Na3 b5 9. Nd5 Be7 10. Bxf6 Bxf6 11. c4 b4 12. Nc2 O-O 13. Be2 Bg5 14. O-O a5
15. Qd3 Be6 16. Rad1 Ra7 17. b3 Rd7 18. h3 Nb8 19. a3 bxa3 20. Nxa3 Na6 21. Bg4
Nc5 22. Qc2 g6 23. Nb5 f5 24. Bf3 Kh8 25. Ndc3 Qb8 26. Ra1 Bd8 27. Rfd1 Bb6 28.
Rd2 fxe4 29. Bxe4 Rf4 30. Bc6 Rd8 31. Nd5 Bxd5 32. Bxd5 Rdf8 33. Kh2 Qd8 34. g3
R4f6 35. Re1 Na6 36. f3 Nb4 37. Qe4 Bc5 38. Rf1 a4 39. bxa4 Qa5 40. Qe2 Qxa4
41. Nc3 Qa3 42. Ne4 Rxf3 43. Rxf3 Qxf3 44. Qxf3 Rxf3 45. Nxc5 Nxd5 46. Rxd5
dxc5 47. Rxe5 Rf5 48. Re8+ Kg7 49. Kg2 h5 50. Rc8 1/2-1/2

[Event "3rd int. open ARTEMIS CUP  Leros 2011"]
[Site "?"]
[Date "2011.07.14"]
[Round "4.7"]
[White "Jeremic, Veljko"]
[Black "Spiropoulos, Panagiotis I"]
[Result "0-1"]
[WhiteElo "2519"]
[BlackElo "2086"]
[PlyCount "56"]
[EventDate "2011.07.12"]

1. d4 Nf6 2. c4 g6 3. Nc3 d5 4. cxd5 Nxd5 5. Bd2 Bg7 6. e4 Nb6 7. Be3 O-O 8.
Qd2 Nc6 9. Rd1 e5 10. d5 Nd4 11. Nb5 Qe7 12. f3 f5 13. Bg5 Qf7 14. Rc1 fxe4 15.
Rxc7 Bd7 16. Nd6 Qxd5 17. Rxd7 exf3 18. gxf3 Qe6 19. Rxb7 Qxd6 20. Bh6 Bxh6 21.
Qxh6 Nd7 22. Bh3 Rad8 23. Bg4 Rf7 24. h4 e4 25. Kf2 Rc8 26. Rxd7 Rc2+ 27. Ke3
Rxd7 28. Bxd7 Nf5+ 0-1

[Event "3rd int. open ARTEMIS CUP  Leros 2011"]
[Site "?"]
[Date "2011.07.14"]
[Round "4.8"]
[White "Kakadelis, Str"]
[Black "Horvath, Adam"]
[Result "0-1"]
[WhiteElo "2062"]
[BlackElo "2478"]
[PlyCount "68"]
[EventDate "2011.07.12"]

1. d4 Nf6 2. c4 e6 3. Nc3 Bb4 4. Qc2 O-O 5. a3 Bxc3+ 6. Qxc3 d5 7. Nf3 dxc4 8.
Qxc4 b6 9. Bg5 Ba6 10. Qc2 Nbd7 11. e4 Bxf1 12. Kxf1 h6 13. Bf4 c5 14. Bd6 Re8
15. e5 Nd5 16. g3 cxd4 17. Nxd4 Nc5 18. Bxc5 bxc5 19. Qxc5 Qb8 20. Kg2 Qxe5 21.
Rhc1 Kh7 22. b4 Red8 23. Qc2+ f5 24. Nc6 Qf6 25. Nxd8 Rxd8 26. Rab1 Qg5 27. Rb3
Nf4+ 28. Kf1 Ng6 29. Rd1 Rf8 30. Rc3 Qh5 31. h4 Qg4 32. Rc7 Ne5 33. Qe2 Nf3 34.
Rdd7 Qh3# 0-1

[Event "3rd int. open ARTEMIS CUP  Leros 2011"]
[Site "?"]
[Date "2011.07.14"]
[Round "4.9"]
[White "Bokros, Albert"]
[Black "Soultatis, Kostas"]
[Result "1-0"]
[WhiteElo "2470"]
[BlackElo "2050"]
[PlyCount "67"]
[EventDate "2011.07.12"]

1. e4 d5 2. exd5 Qxd5 3. Nf3 Nf6 4. Be2 e5 5. Nc3 Qa5 6. d4 exd4 7. Nxd4 Bb4 8.
O-O Bxc3 9. bxc3 O-O 10. Qd3 Nbd7 11. Nb3 Qa4 12. Qg3 Re8 13. Bh6 g6 14. Rfe1
Ne5 15. Nc5 Qc6 16. Bb5 Qxb5 17. Rxe5 b6 18. Qf3 Ng4 19. Rxe8+ Qxe8 20. Qxa8
Nxh6 21. Nd3 Kf8 22. Qxa7 Qc6 23. Qb8 Qb7 24. Qxb7 Bxb7 25. c4 Nf5 26. c5 b5
27. a4 bxa4 28. Rxa4 Bd5 29. Ra7 c6 30. Nb4 Ne7 31. Rc7 Ke8 32. Nxd5 cxd5 33.
c6 d4 34. Kf1 1-0

[Event "3rd int. open ARTEMIS CUP  Leros 2011"]
[Site "?"]
[Date "2011.07.14"]
[Round "4.10"]
[White "Hunt, Adam C"]
[Black "Tsakiris, Haralambos"]
[Result "1-0"]
[WhiteElo "2436"]
[BlackElo "1967"]
[PlyCount "53"]
[EventDate "2011.07.12"]

1. e4 e6 2. d4 d5 3. Nc3 Nf6 4. Bg5 Bb4 5. e5 h6 6. Bc1 Ne4 7. Qg4 g6 8. Nge2
c5 9. a3 Ba5 10. dxc5 Bxc3+ 11. bxc3 Nc6 12. f3 Nxc5 13. Be3 b6 14. Nd4 Bd7 15.
Nb5 Nb7 16. Rb1 a6 17. Bxb6 Qc8 18. Nc7+ Ke7 19. Nxa8 Qxa8 20. f4 a5 21. Bd3
Rg8 22. Qh4+ g5 23. Qxh6 gxf4 24. Qf6+ Ke8 25. O-O Ne7 26. Bh7 Rf8 27. Rxf4 1-0

[Event "3rd int. open ARTEMIS CUP  Leros 2011"]
[Site "?"]
[Date "2011.07.15"]
[Round "5.3"]
[White "Calzetta Ruiz, Monica"]
[Black "Gordon, Stephen J"]
[Result "0-1"]
[WhiteElo "2293"]
[BlackElo "2533"]
[PlyCount "76"]
[EventDate "2011.07.12"]

1. e4 c5 2. Nc3 d6 3. f4 Nc6 4. Nf3 g6 5. Bb5 Bd7 6. O-O Bg7 7. Kh1 a6 8. Bxc6
Bxc6 9. d3 Qd7 10. Qe1 e6 11. Bd2 Ne7 12. Qg3 O-O 13. Rae1 f5 14. Qh3 h6 15.
Nh4 Rf7 16. Rf3 d5 17. exf5 exf5 18. Rg3 d4 19. Nxg6 Nxg6 20. Rxg6 Re8 21.
Rxe8+ Qxe8 22. Qxh6 Re7 23. h3 Qf7 24. Rg3 Kf8 25. Qd6 Bf6 26. Ne2 Qe6 27. Qxc5
Qxe2 28. Qxf5 Qe6 29. Qh5 Rg7 30. f5 Qd6 31. Rg6 Rxg6 32. Qxg6 Ke7 33. h4 Qe5
34. h5 Qe2 35. Bb4+ Kd7 36. h6 Qf1+ 37. Kh2 Be5+ 38. Kh3 Qh1+ 0-1

[Event "3rd int. open ARTEMIS CUP  Leros 2011"]
[Site "?"]
[Date "2011.07.15"]
[Round "5.4"]
[White "Czebe, Attila"]
[Black "Estremera Panos, Sergio"]
[Result "1-0"]
[WhiteElo "2526"]
[BlackElo "2364"]
[PlyCount "53"]
[EventDate "2011.07.12"]

1. c4 Nf6 2. Nf3 g6 3. Nc3 d5 4. cxd5 Nxd5 5. Qa4+ c6 6. Nxd5 Qxd5 7. e4 Qd6 8.
d4 Nd7 9. Be2 Bg7 10. O-O Nb6 11. Qc2 Bg4 12. Be3 Bxf3 13. Bxf3 Bxd4 14. Rad1
e5 15. Bxd4 exd4 16. e5 Qe6 17. Rxd4 O-O 18. Re4 Qxa2 19. h4 Rae8 20. h5 Qe6
21. Rfe1 Nd5 22. Qd2 Re7 23. Qg5 Rc7 24. Qg3 Re7 25. Qh4 Rc7 26. Qg3 Re7 27.
Rh4 1-0